Apex Legends All Guns - Statistics

General Stats
  • This quiz has been taken 639 times
  • The average score is 23 of 28
Answer Stats
Hint Answer % Correct
SMG R-99
95%
AR R-301
94%
Shotgun Peacekeeper
92%
AR VK-47 Flatline
91%
Pistol Wingman
90%
Shotgun Mastiff
89%
Pistol P2020
89%
Shotgun Mozambique
88%
Sniper Kraber .50-Cal Sniper
87%
Pistol RE-45
87%
Sniper Sentinel
87%
Shotgun Eva-8 Auto
86%
LMG M600 Spitfire
86%
SMG Volt
86%
Sniper Longbow DMR
85%
Marksman 30-30 Repeater
83%
SMG C.A.R
83%
LMG Devotion
80%
Marksman G7-Scout
80%
AR Havoc Rifle
80%
LMG Rampage
78%
SMG Alternator
76%
AR Hemlok Burst AR
76%
Sniper Charge Rifle
75%
SMG Prowler Burst PDW
75%
Marksman Triple Take
74%
LMG L-Star
73%
Marksman Bocek Compund Bow
67%
No matching quizzes found
Score Distribution
Percent of People with Each Score
Percentile by Number Answered
Your Score History
You have not taken this quiz